Szczegóły MARC21

Kurzformen des Dramas : gattungspoetische, epochenspezifische und funktionale Horizonte /

005 -DATA I CZAS OSTATNIEJ MODYFIKACJI [,]
    • @
    • pole kontrolne
    • 20070315155141.9
020 -Międzynarod. znormalizowany nr książki - ISBN [ , ]
    • a
    • Numer ISBN
    • 3772018440 Find
040 -Instytucja sporządzająca opis [ , ]
    • a
    • Instytucja, która sporządziła opis (NP)
    • SZCZ U
    • c
    • Instytucja, która sporządziła rekord (NP)
    • SZCZ U
041 -Język dokumentu [0, ]
    • a
    • Język tekstu (P)
    • niemiecki
    • h
    • Język tekstu oryginalnego i/lub pośredniego (P)
    • niemiecki
942 -Rodzaj dokumentu [ , ]
    • c
    • Rodzaj dokumentu
    • Książka
245 -Strefa tytułu i oznaczenia odpowiedzialności [0, ]
    • a
    • Tytuł
    • Kurzformen des Dramas : Find
    • b
    • Ciąg dalszy tytułu (NP)
    • gattungspoetische, epochenspezifische und funktionale Horizonte / Find
    • c
    • Pozostałe elementy strefy tytułu i oznaczenia odpowiedzialności (NP)
    • Winfried Herget, Brigitte Schultze (Hrsg.).
260 -Strefa adresu wydawniczego [ , ]
    • a
    • Miejsce wydania (P)
    • Tübingen ; Basel :
    • b
    • Nazwa wydawcy (P)
    • Francke,
    • c
    • Data wydania (P)
    • 1996.
300 -Strefa opisu fizycznego [ , ]
    • a
    • Określenie formy książki i/lub objętość (NP)
    • VI,374 s. :
    • c
    • Format (NP)
    • 23 cm.
490 -Strefa serii i książki wielotomowej - forma nie do wyszukiwania [0, ]
    • a
    • Tytuł (P)
    • (Mainzer Forschungen zu Drama und Theater ; Find
    • x
    • ISSN (NP)
    • 0940-4767)
    • v
    • Numeracja (P)
    • Bd.16,
500 -Uwaga ogólna [ , ]
    • a
    • Uwaga ogólna (NP)
    • Bibliogr.Ind
080 -Uniwersalna Klasyfikacja Dziesiętna [ , ]
    • a
    • Symbol klasyfikacji
    • 82.0-2"19"(082.2)=30
080 -Uniwersalna Klasyfikacja Dziesiętna [ , ]
    • a
    • Symbol klasyfikacji
    • :82(091)"19"(082.2)=30
980 -Symbol UKD [ , ]
    • a
    • UKD
    • 82.0-2:82(091)]"19"(082.2)=30
700 -Hasło dodatkowe - nazwa osobowa [ , ]
    • a
    • Nazwa osobowa (NP)
    • Herget Winfried Find
700 -Hasło dodatkowe - nazwa osobowa [ , ]
    • a
    • Nazwa osobowa (NP)
    • Schultze Brigitte Find
920 -ISBN [ , ]
    • a
    • ISBN
    • 3-7720-1844-0 Find
Data inwentaryzacji Lokalizacja Numer inwentarzowy Status udost. Sygnatura
2002-03-11BMG.162871GERM. Dramat 21